000 00859nam a2200217Ia 4500
001 8198
005 20260323124346.0
008 260306t2016||||xx |||||||||||||| ||spa||
041 _aESP
082 _a370.1523
_bD88
100 _aDomjan, Michael
_eAUT
245 0 _aPrincipios de aprendizaje y conducta
260 _c2016
300 _a433 páginas :
_c27 cm.
650 _aGEN
654 _aCED
856 _uhttps://itmsp.museknowledge.com/UCSP?url=https://www.ebooks7-24.com:443/?il=1984&pg=1
_zVersión digital
856 _uhttps://0u213tpdw-y-https-ebooks7--24-com.itmsp.museknowledge.com/biblioteca.aspx
_zVéase además: Base de datos Ebook7-24
856 _uhttps://0u20vtpe6-y-https-ebookcentral-proquest-com.itmsp.museknowledge.com/lib/catolicasp/home.action
_zVéase además: Base de datos ProQuest Ebook Central
942 _cLIB
_dJUS
_fJUS
_2ddc
999 _c8198
_d8198